| Tag |
First Indicator |
Second Indicator |
Subfields |
| LEADER |
00000cam a2200000 4500 |
| 001 |
in00000705270 |
| 005 |
20151016051423.0 |
| 008 |
730222s1960 dcua b 00000 eng u |
| 010 |
|
|
|a 60003158
|
| 035 |
|
|
|a (OCoLC)00563241
|
| 035 |
|
|
|9 ADB1383AM
|
| 040 |
|
|
|c WSU
|d TXA
|d UtOrBLW
|
| 049 |
|
|
|a TXAM
|c [341498]
|
| 090 |
|
|
|a TE7
|b .N28 no. 245
|
| 110 |
2 |
|
|a National Research Council (U.S.).
|b Highway Research Board.
|
| 245 |
1 |
0 |
|a Water tensions, swelling mechanisms, strength of compacted soil /
|c Presented at the 38th annual meeting, January 5-9, 1959.
|
| 264 |
|
1 |
|a Washington,
|b [publisher not identified] ;
|c 1960.
|
| 300 |
|
|
|a 48 pages :
|b illustrations
|
| 336 |
|
|
|a text
|b txt
|2 rdacontent
|
| 337 |
|
|
|a unmediated
|b n
|2 rdamedia
|
| 338 |
|
|
|a volume
|b nc
|2 rdacarrier
|
| 490 |
1 |
|
|a National Research Council. Highway Research Board. Bulletin ;
|v 245
|
| 490 |
1 |
|
|a National Research Council. Publication ;
|v 731
|
| 504 |
|
|
|a Includes bibliography.
|
| 650 |
|
0 |
|a Soil mechanics.
|
| 830 |
|
0 |
|a Bulletin (National Research Council (U.S.). Highway Research Board) ;
|v 245.
|
| 830 |
|
0 |
|a Publication (National Research Council (U.S.)) ;
|v no. 731.
|
| 999 |
|
|
|a MARS
|
| 999 |
f |
f |
|s 0b58e613-a009-3eac-9a3e-b4346a2777f1
|i 5cbf2cb7-c419-3034-b43c-06cb124ca1fe
|t 0
|
| 952 |
f |
f |
|p normal
|a Texas A&M University
|b College Station
|c Sterling C. Evans Library
|d Evans: Library Stacks
|t 0
|e TE7 .N28 no. 245
|h Library of Congress classification
|i unmediated -- volume
|m A14805384139
|
| 998 |
f |
f |
|a TE7 .N28 no. 245
|t 0
|l Evans: Library Stacks
|